| 000 | 00347nam a22001097a 4500 | ||
|---|---|---|---|
| 008 | 230626b xxu||||| |||| 00| 0 eng d | ||
| 082 |
_a337.14 _bEALA 2006 |
||
| 245 | _aAudited Accounts of the East African Commuinity for the Year Ended 30th June, 2003 | ||
| 260 |
_aArusha _bEast African Legislative Assembly _c2006 |
||
| 300 | _a12p | ||
| 942 |
_2ddc _cBK |
||
| 999 |
_c2772 _d2772 |
||